| 000 | 00769nam a22001577a 4500 | ||
|---|---|---|---|
| 003 | OSt | ||
| 005 | 20151104155050.0 | ||
| 008 | 151104b xxu||||| |||| 00| 0 eng d | ||
| 040 | _cRUA | ||
| 082 | _aFOR ឡុង 1994 B119 Or.1 | ||
| 100 |
_93366 _aឡុង រត្តនៈកុមារ |
||
| 245 | _aប្រៀបធៀបការលូតលាស់ រវាងប្រភេទឈើអាកាស្យា (Acacia Auriculiformis )និងប្រេងខ្យល់ (Eucalyptus camaldulensis ) នៅលើដីខ្សោះជីជាតិ នៅស្ថានីយ៍ដំាឈើបន្ទាយអង្គរ ខេត្តតាកែវ ; | ||
| 260 |
_aPhnom Penh _bRUA _c1994 |
||
| 300 |
_a98p. _bill. _c29cm. |
||
| 942 |
_2ddc _cFOR |
||
| 999 |
_c3139 _d3139 |
||